| 000 | 00466nam a2200169 i 4500 | ||
|---|---|---|---|
| 001 | 65998 | ||
| 003 | ES-MaACL | ||
| 005 | 20250912063043.0 | ||
| 007 | t| | ||
| 008 | 040126s1962 sp ||||1| cat d | ||
| 100 | 1 |
_aFuster, Joan, _d1922-1992 _9163689 |
|
| 245 | 1 | 0 |
_aPoetes, moriscos i capellans / _cJoan Fuster. |
| 260 |
_aValencia : _bL'Estel, _c1962. |
||
| 300 |
_a190 p. ; _c24 cm. |
||
| 852 |
_aES-MaACL _jC-22210 _bR.50676 |
||
| 999 |
_c65998 _d65998 |
||